Houses (Record no. 7976)

000 -LEADER
fixed length control field 00372nam a22001457a 4500
003 - CONTROL NUMBER IDENTIFIER
control field OSt
005 - DATE AND TIME OF LATEST TRANSACTION
control field 20200611133331.0
008 - FIXED-LENGTH DATA ELEMENTS--GENERAL INFORMATION
fixed length control field 200611b ||||| |||| 00| 0 eng d
020 ## - INTERNATIONAL STANDARD BOOK NUMBER
International Standard Book Number 9789881566270
082 ## - DEWEY DECIMAL CLASSIFICATION NUMBER
Classification number 728.095
110 ## - MAIN ENTRY--CORPORATE NAME
Corporate name or jurisdiction name as entry element Lei Zhang (Editor)
245 ## - TITLE STATEMENT
Title Houses
260 ## - PUBLICATION, DISTRIBUTION, ETC. (IMPRINT)
Place of publication, distribution, etc Hong Kong
Name of publisher, distributor, etc Design Media Publishing Ltd; Sew editionve
Date of publication, distribution, etc Nomber 15, 2014
942 ## - ADDED ENTRY ELEMENTS (KOHA)
Source of classification or shelving scheme
Holdings
Withdrawn status Lost status Source of classification or shelving scheme Damaged status Koha normalized classification for sorting Not for loan Permanent location Current location Date acquired Full call number Barcode Date last seen Price effective from Koha item type
        728_095000000000000   BMS College of Architecture, Design and Planning BMS College of Architecture, Design and Planning 2020-06-11 728.095 AR-UG1579 2020-06-11 2020-06-11 UG Books
Copyright © 2025, The Librarian, Library and Information Centre, BMSCA D&P, Bengaluru. All Rights Reserved
web counter

Powered by Koha